12+ Letter Countries Quiz Stats

 Plays Quiz not verified by Sporcle

Also try: Deserts
Challenge
Share
Tweet
Score 0/21 Timer 03:00
0 Plays Today
# Words Country % Correct
5 wordsDemocratic Republic of the Congo
87.6%
2 wordsUnited States
82.6%
4 wordsRepublic of the Congo
78.2%
4 wordsSaint Kitts and Nevis
77.2%
5 wordsSaint Vincent and the Grenadines
75.6%
2 wordsUnited Kingdom
75.6%
3 wordsTrinidad and Tobago
74.9%
3 wordsCentral African Republic
72.3%
3 wordsAntigua and Barbuda
70.7%
3 wordsBosnia and Herzegovina
65.7%
HyphenatedGuinea-Bissau
64.1%
# Words Country % Correct
2 wordsDominican Republic
63.9%
3 wordsUnited Arab Emirates
60.8%
2 wordsMarshall Islands
60.6%
2 wordsSolomon Islands
60.3%
4 wordsSao Tome and Principe
59.8%
2 wordsEquatorial Guinea
58.4%
1 wordLiechtenstein
57.1%
3 wordsPapua New Guinea
55.7%
2 wordsCzech Republic
54.2%
1 wordTurkmenistan
50.2%

You're not logged in!

Compare scores with friends on all Sporcle quizzes.
OR
Log In

You Might Also Like...

Show Comments

Extras

Top Quizzes Today


Score Distribution

Your Account Isn't Verified!

In order to create a playlist on Sporcle, you need to verify the email address you used during registration. Go to your Sporcle Settings to finish the process.

Report this User

Report this user for behavior that violates our Community Guidelines.

Details: